Functional neuroanatomy : an interactive text and manual /

Bibliographic Details
Main Author: Joseph, Jeffrey T.
Other Authors: Cardozo, David L.
Format: Book
Language:English
Published: Hoboken, N.J. : J. Wiley & Sons, [2004]
Subjects:

MARC

Tag First Indicator Second Indicator Subfields
LEADER 00000pam a22000004a 4500
001 in00004498713
005 20191203131121.0
008 030429s2004 njua b 001 0 eng
010 |a  2003009969 
020 |a 0471444375 
035 |a (OCoLC)ocm52182524 
035 |z (UtOrBLW)36142 
035 |a 52742 
040 |a DLC  |c DLC  |d YDX  |d UtOrBLW 
042 |a pcc 
049 |a TMVM  |c 1 
050 0 0 |a QM451  |b .J67 2004 
060 4 |a WL 101  |b J83f 2004 
082 0 0 |a 611/.8  |2 21 
100 1 |a Joseph, Jeffrey T. 
245 1 0 |a Functional neuroanatomy :  |b an interactive text and manual /  |c Jeffrey T. Joseph, David L. Cardozo. 
246 3 0 |a Neuroanatomy 
264 1 |a Hoboken, N.J. :  |b J. Wiley & Sons,  |c [2004] 
264 4 |c ©2004 
300 |a viii, 575 pages :  |b illustrations ;  |c 28 cm. 
336 |a text  |2 rdacontent  |b txt 
337 |a unmediated  |2 rdamedia 
338 |a volume  |2 rdacarrier  |b nc 
504 |a Includes bibliographical references and index. 
505 0 |a External anatomy -- Internal anatomy -- Histology -- Neuroimaging -- Somatosensory system -- Craniosensory systems -- Vision and hearing -- Neuromuscular system -- Basal ganglia -- Cerebellum -- Brainstem and control systems -- Cranial nerves -- Hypothalamus -- Limbic system -- Cortex -- Development -- Trauma 
650 2 |a Neuroanatomy  |v programmed instruction. 
700 1 |a Cardozo, David L. 
948 |a PO 7875 
999 |a MARS 
999 f f |s 9bb83300-2237-38cf-9b01-c794c1a931cb  |i 2eae2ad3-2270-3bc3-bc0d-a4cb2d42805e  |t 0 
952 f f |p normal  |a Texas A&M University  |b College Station  |c Medical Sciences Library  |d MSL: Book Stacks  |t 0  |e WL 101 J83f 2004  |h National Library of Medicine classification  |i unmediated -- volume  |m 323890185858H 
998 f f |a WL 101 J83f 2004  |t 0  |l MSL: Book Stacks